000
00382nam a22001577a 4500
003
MPLRDC
005
20220104114002.0
008
210129b ||||| |||| 00| 0 eng d
082
_a
855 BJ
100
_a
白先勇等著
245
_a
我的文学因缘
_c
260
_a
_b
当代文艺出版社
_c
1987
300
_b
平
650
_a
散文;随笔、日记
942
_c
BK
_o
855 BJ
999
_c
3913
_d
3903